000 00619 a2200229 4500
003 0199328
005 20251016204547.0
008 251016b |||||||| |||| 00| 0 eng d
020 _a978-0-414-09089-7
040 _c Nile university of Nigeria, Abuja.
_erda
050 _a KN 210 . T8
082 _a KN 210 . T8
100 _aLynton Tucker, Nicholas Poidevin
_d2024
245 _a LEWIN ON TRUSTS
260 _aUK
_bCPI GROUP
_c2024
264 _aUK
_bCPI GROUP
_c2024
300 _bcxlix, 760 pg., 35 cm
336 _2rdacontent
338 _2rdacarrier
500 _a includes Index
942 _2lcc
_cBK
999 _c43860
_d43860